[Event "Muensterland Verbandsklasse-B 0708"]
[Site "Germany"]
[Date "2008.02.16"]
[Round "6.8"]
[White "Janz, Stefan"]
[Black "Plassmann, Florenz"]
[Result "1-0"]
[WhiteElo "1773"]
[BlackElo "1803"]
[PlyCount "67"]
[EventDate "2007.09.15"]
[EventType "team"]
[EventRounds "9"]
[EventCountry "GER"]
[SourceTitle "EXT 2009"]
[Source "ChessBase"]
[SourceDate "2008.11.26"]
[SourceVersion "1"]
[SourceVersionDate "2008.11.26"]
[SourceQuality "1"]
[WhiteTeam "Sendenhorst"]
[BlackTeam "Muenster SK V"]
[WhiteTeamCountry "GER"]
[BlackTeamCountry "GER"]

1. d4 d5 2. e4 dxe4 3. f3 Nf6 4. Nc3 c6 5. fxe4 e5 6. dxe5 Qxd1+ 7. Nxd1 Nxe4 8. Be3 Bc5 9. Bd3 Bxe3 10. Nxe3 Nc5 11. 0-0-0 Be6 12. a3 a5 13. Nf3 Nbd7 14. Bf5 g6 15. Bxe6 Nxe6 16. Nc4 Ke7 17. Nd6 b5 18. Nxf7 Rhf8 19. Nd6 Rf4 20. Rhe1 b4 21. axb4 axb4 22. Re4 Ndc5 23. Rxf4 Nxf4 24. g3 Nd5 25. Kb1 Rf8 26. Nd4 Kd7 27. Re1 Rf2 28. Re2 Rf1+ 29. Ka2 Rd1 30. Nb3 Ne6 31. Rf2 c5 32. Rf7+ Ne7 33. Ne4 Rd5 34. Nf6+ 1-0

[Event "Muensterland Verbandsklasse-A 0607"]
[Site "Germany"]
[Date "2006.10.21"]
[Round "2.6"]
[White "Wichmann, Norbert"]
[Black "Plassmann, Florenz"]
[Result "1-0"]
[WhiteElo "1757"]
[BlackElo "1817"]
[PlyCount "99"]
[EventDate "2006.09.23"]
[EventType "team"]
[EventRounds "9"]
[EventCountry "GER"]
[SourceTitle "EXT 2008"]
[Source "ChessBase"]
[SourceDate "2007.11.25"]
[SourceVersion "1"]
[SourceVersionDate "2007.11.25"]
[SourceQuality "1"]
[WhiteTeam "Muenster Indische Dame"]
[BlackTeam "Muenster SK IV"]
[WhiteTeamCountry "GER"]
[BlackTeamCountry "GER"]

1. d4 d5 2. Nf3 Nf6 3. c4 e6 4. e3 c6 5. Bd3 Nbd7 6. 0-0 Be7 7. Nc3 dxc4 8. Bxc4 b5 9. Bd3 b4 10. Ne4 c5 11. Ne5 Nxe5 12. dxe5 Nd7 13. Bb5 0-0 14. f4 Qc7 15. Qd3 Nb6 16. b3 a6 17. Bc4 Rd8 18. Qc2 Nxc4 19. bxc4 Bb7 20. Nd2 Qc6 21. Rf3 Rd7 22. Bb2 Rad8 23. Rf2 Rd3 24. Nf1 h5 25. Re1 Bh4 26. Ng3 g6 27. Bd4 Ra3 28. Ba1 Be7 29. Rd2 Rxd2 30. Qxd2 h4 31. Nf1 Qe4 32. h3 Qxc4 33. Qd7 Qe4 34. Re2 Kf8 35. Rd2 b3 36. Qc7 Rxa2 37. Bb2 Qc6 38. Qb8+ Qc8 39. Qa7 a5 40. e4 Bxe4 41. Rd7 Qe8 42. Nd2 Bd5 43. Nxb3 Bxb3 44. Rb7 Bd5 45. Rb8 Rxb2 46. Rxb2 Kg7 47. Rb8 Qa4 48. Qxe7 Qd4+ 49. Kh1 Qxf4 50. Qf8+ 1-0

[Event "Muenster Bezirksliga 0506"]
[Site "Muenster"]
[Date "2005.12.17"]
[Round "4.6"]
[White "Plassmann, Florenz"]
[Black "Boerding, Thomas"]
[Result "1-0"]
[WhiteElo "1841"]
[BlackElo "1612"]
[PlyCount "93"]
[EventDate "2005.09.10"]
[EventType "team"]
[EventRounds "9"]
[EventCountry "GER"]
[SourceTitle "EXT 2007"]
[Source "ChessBase"]
[SourceDate "2006.11.23"]
[SourceVersion "1"]
[SourceVersionDate "2006.11.23"]
[SourceQuality "1"]
[WhiteTeam "Muenster V"]
[BlackTeam "Telgte II"]
[WhiteTeamCountry "GER"]
[BlackTeamCountry "GER"]

1. Nf3 c5 2. c4 Nc6 3. d4 d5 4. cxd5 Qxd5 5. Nc3 Qh5 6. d5 Ne5 7. Nxe5 Qxe5 8. g3 Qd6 9. Bg2 e5 10. dxe6 Qxd1+ 11. Kxd1 fxe6 12. Bf4 Nf6 13. Nb5 Kf7 14. Nc7 Rb8 15. Nxe6 Ra8 16. Nc7 Rb8 17. Nd5 Ra8 18. Nxf6 Kxf6 19. h4 h6 20. Rc1 Be6 21. Bxb7 Rd8+ 22. Kc2 Be7 23. a3 Rhf8 24. Rhd1 Kf7 25. Bc7 Rd7 26. Rxd7 Bxd7 27. Bd5+ Ke8 28. f4 Bg4 29. e4 Kd7 30. Be5 Bf6 31. Bc3 Bf3 32. Rf1 Bg4 33. Kd3 Rb8 34. e5 Be7 35. f5 Ke8 36. Rf4 Bh3 37. Ke2 Kd7 38. Bf3 Rf8 39. e6+ Kd6 40. Bxg7 Rb8 41. Re4 Kc7 42. g4 Bd6 43. Bc3 Kd8 44. f6 h5 45. Ra4 Bxg4 46. Bxg4 hxg4 47. Rxa7 1-0

[Event "Muensterland Verbandsklasse-B 0405"]
[Site "Muensterland"]
[Date "2005.03.05"]
[Round "7.3"]
[White "Ringwelski, Marius"]
[Black "Plassmann, Florenz"]
[Result "1/2-1/2"]
[WhiteElo "1944"]
[BlackElo "1831"]
[PlyCount "102"]
[EventDate "2004.09.11"]
[EventType "team"]
[EventRounds "9"]
[EventCountry "GER"]
[SourceTitle "EXT 2006"]
[Source "ChessBase"]
[SourceDate "2005.11.24"]
[SourceVersion "1"]
[SourceVersionDate "2005.11.24"]
[SourceQuality "1"]
[WhiteTeam "Telgte"]
[BlackTeam "Muenster IV"]
[WhiteTeamCountry "GER"]
[BlackTeamCountry "GER"]

1. d4 d5 2. Nf3 Nf6 3. c4 e6 4. Nc3 Nbd7 5. cxd5 exd5 6. Bf4 c6 7. e3 Nh5 8. Bg3 Be7 9. Bd3 g6 10. Qc2 Nxg3 11. hxg3 Nf8 12. 0-0-0 Be6 13. e4 Qa5 14. exd5 cxd5 15. Ne5 Bb4 16. Qb3 Rc8 17. Kb1 Bxc3 18. Qxb7 Qc7 19. Qxc7 Rxc7 20. bxc3 Rxc3 21. Rc1 Rxc1+ 22. Rxc1 f6 23. Bb5+ Kd8 24. Nc6+ Kc7 25. a4 Kb6 26. Rc5 Nd7 27. a5+ Kb7 28. Rc3 Rc8 29. Kb2 Nb8 30. Nxb8 Kxb8 31. Rxc8+ Kxc8 32. Kc3 Kc7 33. Kb4 Kd6 34. Be2 Bd7 35. Bd3 Be8 36. f4 h6 37. g4 g5 38. fxg5 fxg5 39. Bf5 h5 40. gxh5 Bxh5 41. Kc3 Bf7 42. Kd3 Kc6 43. a6 Kb6 44. Bc8 Kc7 45. Bb7 Kd6 46. Ke3 Bh5 47. Kf2 Bg4 48. Kg3 Be6 49. Kf3 Bd7 50. Kg3 Be6 51. Kf3 Bd7 1/2-1/2

[Event "Muensterland Verbandsklasse-B 0405 WH"]
[Site "Muensterland"]
[Date "2005.01.16"]
[Round "3.4"]
[White "Smyra, Werner"]
[Black "Plassmann, Florenz"]
[Result "1-0"]
[WhiteElo "1734"]
[BlackElo "1831"]
[PlyCount "99"]
[EventDate "2004.09.11"]
[EventType "team"]
[EventRounds "9"]
[EventCountry "GER"]
[SourceTitle "EXT 2006"]
[Source "ChessBase"]
[SourceDate "2005.11.24"]
[SourceVersion "1"]
[SourceVersionDate "2005.11.24"]
[SourceQuality "1"]
[WhiteTeam "Luedinghausen"]
[BlackTeam "Muenster IV"]
[WhiteTeamCountry "GER"]
[BlackTeamCountry "GER"]

1. Nf3 d5 2. g3 Bg4 3. Bg2 Nd7 4. d3 Ngf6 5. c4 e6 6. cxd5 exd5 7. 0-0 c6 8. Bg5 Be7 9. Nc3 0-0 10. Rb1 a5 11. a3 h6 12. Bxf6 Bxf6 13. d4 Bf5 14. Rc1 Re8 15. b4 axb4 16. axb4 b5 17. e3 Nb6 18. Nd2 Qd6 19. e4 Qxb4 20. exf5 Bxd4 21. Qc2 Rac8 22. Nb3 Bf6 23. Rfd1 Nc4 24. Nd2 Nxd2 25. Rxd2 Bxc3 26. Qxc3 Qxc3 27. Rxc3 Re1+ 28. Bf1 b4 29. Rb3 c5 30. Kg2 Re5 31. g4 c4 32. Rxb4 c3 33. Rc2 Re1 34. Rd4 Rc5 35. Rd3 Re4 36. f3 Rec4 37. Rxd5 Rxd5 38. Bxc4 Rd2+ 39. Rxd2 cxd2 40. Bb3 Kh8 41. Kf2 f6 42. Ke2 Kh7 43. Kxd2 Kh8 44. Kd3 Kh7 45. Ke4 Kh8 46. h4 Kh7 47. f4 Kh8 48. Kd5 Kh7 49. Ke6 Kg8 50. g5 1-0

[Event "Muensterland Verbandsklasse-B 0304"]
[Site "Germany"]
[Date "2004.01.17"]
[Round "5.7"]
[White "Janssen, Guido"]
[Black "Plassmann, Florenz"]
[Result "1/2-1/2"]
[WhiteElo "1813"]
[BlackElo "1854"]
[PlyCount "40"]
[EventDate "2003.09.20"]
[EventType "team"]
[EventRounds "9"]
[EventCountry "GER"]
[SourceTitle "EXT 2005"]
[Source "ChessBase"]
[SourceDate "2004.11.15"]
[SourceVersion "1"]
[SourceVersionDate "2004.11.15"]
[SourceQuality "1"]
[WhiteTeam "Suedlohn II"]
[BlackTeam "Muenster IV"]
[WhiteTeamCountry "GER"]
[BlackTeamCountry "GER"]

1. e4 e5 2. Nf3 Nc6 3. d4 exd4 4. c3 d5 5. exd5 Qxd5 6. cxd4 Bg4 7. Be2 Bb4+ 8. Nc3 Bxf3 9. Bxf3 Qc4 10. Bxc6+ bxc6 11. Qe2+ Qxe2+ 12. Kxe2 Ne7 13. Be3 Bxc3 14. bxc3 Kd7 15. Rhd1 Rhb8 16. Rab1 Nd5 17. Kd2 Rb6 18. c4 Nxe3 19. fxe3 Rab8 20. Kc2 Rxb1 1/2-1/2

[Event "Muensterland Verbandsklasse-B 0203"]
[Site "Muensterland"]
[Date "2003.05.03"]
[Round "9.5"]
[White "Plassmann, Florenz"]
[Black "Kortenbusch, Christoph"]
[Result "0-1"]
[WhiteElo "1818"]
[BlackElo "1963"]
[PlyCount "88"]
[EventDate "2002.09.28"]
[EventType "team"]
[EventRounds "9"]
[EventCountry "GER"]
[SourceTitle "EXT 2004"]
[Source "ChessBase"]
[SourceDate "2003.11.25"]
[SourceVersion "1"]
[SourceVersionDate "2003.11.25"]
[SourceQuality "1"]
[WhiteTeam "Muenster SK IV"]
[BlackTeam "Olfen"]
[WhiteTeamCountry "GER"]
[BlackTeamCountry "GER"]

1. Nf3 c5 2. c4 Nf6 3. Nc3 g6 4. g3 Bg7 5. Bg2 0-0 6. 0-0 Nc6 7. d4 cxd4 8. Nxd4 d6 9. Nxc6 bxc6 10. Bxc6 Rb8 11. Be3 Bh3 12. Bg2 Bxg2 13. Kxg2 Rxb2 14. Rb1 Rxb1 15. Qxb1 Ng4 16. Qd3 Qa8+ 17. f3 Ne5 18. Qd5 e6 19. Qxa8 Rxa8 20. Nb5 Nxc4 21. Bxa7 Na3 22. Nxa3 Rxa7 23. Nb5 Rxa2 24. Nxd6 Rxe2+ 25. Rf2 Rxf2+ 26. Kxf2 Bf8 27. Ne4 f5 28. Nd2 e5 29. Ke2 Kf7 30. h3 Ke6 31. Kd3 Kd5 32. Nf1 Bh6 33. Nh2 e4+ 34. Ke2 Kd4 35. Nf1 Bc1 36. Nh2 h5 37. Nf1 h4 38. gxh4 Bf4 39. Kf2 Kd3 40. h5 e3+ 41. Ke1 gxh5 42. h4 Bd6 43. f4 Bb4+ 44. Nd2 Bxd2+ 0-1

[Event "Wch Seniors 13th"]
[Site "Bad Zwischenahn"]
[Date "2003.??.??"]
[Round "?"]
[White "Niebaum, Karl"]
[Black "Plassmann, Florenz"]
[Result "0-1"]
[WhiteElo "1795"]
[BlackElo "1860"]
[PlyCount "88"]
[EventDate "2003.11.16"]
[EventType "swiss"]
[EventRounds "11"]
[EventCountry "GER"]
[SourceTitle "CBM 097 Extra"]
[Source "ChessBase"]
[SourceDate "2004.01.13"]
[SourceVersion "1"]
[SourceVersionDate "2004.01.13"]
[SourceQuality "1"]

1. d4 d5 2. Nf3 Nf6 3. Bg5 Ne4 4. h4 c5 5. e3 Qb6 6. Qc1 Bf5 7. dxc5 Qxc5 8. c3 Nc6 9. Nbd2 Rc8 10. Nb3 Qb6 11. Nfd4 Bd7 12. Bd3 Nb4 13. Qb1 Nxd3+ 14. Qxd3 e5 15. Nf3 f6 16. Nxe5 fxe5 17. Qxd5 Nxg5 18. hxg5 Qe6 19. Qxb7 Bc6 20. Qa6 Bd5 21. Qb5+ Qc6 22. Qxc6+ Bxc6 23. 0-0 Be7 24. f4 0-0 25. Rad1 Rcd8 26. g3 Ba4 27. Rxd8 Rxd8 28. Rf2 Rd1+ 29. Rf1 Rxf1+ 30. Kxf1 Kf7 31. Nc1 Bb5+ 32. Kf2 Ke6 33. Kf3 Bc6+ 34. e4 g6 35. c4 Bc5 36. Nd3 Bd4 37. b4 Ba4 38. fxe5 Bd1+ 39. Kf4 Be2 40. Nc5+ Bxc5 41. bxc5 Bxc4 42. c6 a5 43. c7 Ba6 44. a3 Bc8 0-1

[Event "Wch Seniors 13th"]
[Site "Bad Zwischenahn"]
[Date "2003.??.??"]
[Round "?"]
[White "Opl, Klaus"]
[Black "Plassmann, Florenz"]
[Result "1-0"]
[WhiteElo "2255"]
[BlackElo "1860"]
[PlyCount "95"]
[EventDate "2003.11.16"]
[EventType "swiss"]
[EventRounds "11"]
[EventCountry "GER"]
[SourceTitle "CBM 097 Extra"]
[Source "ChessBase"]
[SourceDate "2004.01.13"]
[SourceVersion "1"]
[SourceVersionDate "2004.01.13"]
[SourceQuality "1"]

1. d4 d5 2. c4 e6 3. Nc3 Be7 4. Nf3 Nf6 5. Bg5 h6 6. Bh4 0-0 7. e3 b6 8. Qc2 Bb7 9. Bxf6 Bxf6 10. cxd5 exd5 11. 0-0-0 Nc6 12. Kb1 Rc8 13. g4 Na5 14. h4 Be7 15. g5 h5 16. Bh3 Nc4 17. g6 Qd6 18. Ne5 Nxe5 19. dxe5 Qxe5 20. Bxc8 Rxc8 21. gxf7+ Kxf7 22. Rhg1 Bf6 23. Qg6+ Kf8 24. f4 Qe6 25. Qxh5 Qxe3 26. Rge1 Qf2 27. Re2 Qxh4 28. Qxh4 Bxh4 29. Rh2 d4 30. Rxh4 dxc3 31. bxc3 Re8 32. Rh8+ Kf7 33. Rxe8 Kxe8 34. Re1+ Kf7 35. Re5 Kf6 36. Kc2 Bc8 37. Kd3 c5 38. a3 Bf5+ 39. Ke3 g5 40. Re8 gxf4+ 41. Kxf4 Bd3 42. Ra8 a5 43. Ke3 Bc4 44. Rb8 b5 45. Rc8 Ke5 46. Rxc5+ Kd6 47. Kd4 Bf1 48. Rh5 1-0

[Event "Wch Seniors 13th"]
[Site "Bad Zwischenahn"]
[Date "2003.??.??"]
[Round "?"]
[White "Plassmann, Florenz"]
[Black "Hobusch, Werner"]
[Result "0-1"]
[WhiteElo "1860"]
[BlackElo "1995"]
[PlyCount "48"]
[EventDate "2003.11.16"]
[EventType "swiss"]
[EventRounds "11"]
[EventCountry "GER"]
[SourceTitle "CBM 097 Extra"]
[Source "ChessBase"]
[SourceDate "2004.01.13"]
[SourceVersion "1"]
[SourceVersionDate "2004.01.13"]
[SourceQuality "1"]

1. Nf3 c5 2. c4 g6 3. g3 Bg7 4. d4 cxd4 5. Nxd4 d5 6. Bg2 dxc4 7. Qa4+ Kf8 8. e3 e5 9. Nb5 a6 10. 0-0 Qb6 11. Qa3+ Ne7 12. Nd6 Nbc6 13. Bd2 Be6 14. Rc1 Rd8 15. Nxc4 Bxc4 16. Rxc4 Bf6 17. Rc1 Kg7 18. Be1 h5 19. Nc3 h4 20. Ne4 hxg3 21. hxg3 Nd5 22. Nxf6 Kxf6 23. Rd1 Qb5 24. Bf1 Rh1+ 0-1

[Event "Wch Seniors 13th"]
[Site "Bad Zwischenahn"]
[Date "2003.??.??"]
[Round "?"]
[White "Plassmann, Florenz"]
[Black "Petzold, Rolf"]
[Result "1-0"]
[WhiteElo "1860"]
[BlackElo "1635"]
[PlyCount "52"]
[EventDate "2003.11.16"]
[EventType "swiss"]
[EventRounds "11"]
[EventCountry "GER"]
[SourceTitle "CBM 097 Extra"]
[Source "ChessBase"]
[SourceDate "2004.01.13"]
[SourceVersion "1"]
[SourceVersionDate "2004.01.13"]
[SourceQuality "1"]

1. Nf3 Nf6 2. c4 c6 3. d4 d5 4. Qc2 Na6 5. Bf4 g6 6. Qb3 Bg7 7. h3 0-0 8. e3 Nc7 9. Nc3 a6 10. c5 Nd7 11. Be2 Re8 12. 0-0 e5 13. Bh2 e4 14. Nd2 a5 15. Na4 Nb5 16. Bxb5 cxb5 17. Qxb5 Ra6 18. Rac1 Rc6 19. Nb3 Ra6 20. c6 bxc6 21. Rxc6 Rxc6 22. Qxc6 Nf6 23. Nbc5 Bd7 24. Nxd7 Qxd7 25. Rc1 Qxc6 26. Rxc6 Nd7 1-0